Normal view MARC view
  • Microprocessors

Entry Topical Term

Number of records used in: 1

001 - CONTROL NUMBER

  • control field: 94935

003 - CONTROL NUMBER IDENTIFIER

  • control field: NUST

005 - DATE AND TIME OF LATEST TRANSACTION

  • control field: 20220725145032.0

008 - FIXED-LENGTH DATA ELEMENTS

  • fixed length control field: 220725|| aca||aabn | a|a d

040 ## - CATALOGING SOURCE

  • Original cataloging agency: NUST
  • Transcribing agency: NUST

150 ## - HEADING--TOPICAL TERM

  • Topical term or geographic name entry element: Microprocessors
  • General subdivision: Problems, exercises, etc

670 ## - SOURCE DATA FOUND

  • Source citation: Work cat.: (NUST)176166: Tokheim, Roger L., Schaum's outline of theory and problems of microprocessor fundamentals /, c1990.
© 2023 Central Library, National University of Sciences and Technology. All Rights Reserved.